| 000 | 00413nam a2200157Ia 4500 | ||
|---|---|---|---|
| 008 | 230718s9999 xx 000 0 und d | ||
| 041 | _aeng | ||
| 082 |
_a242 _bXAV |
||
| 100 | _aXavier G.F. | ||
| 245 | _aWorld's Best Inspiring Stories | ||
| 260 |
_c2009 _bJaico Publishing House |
||
| 300 | _a164 | ||
| 365 |
_cRs. _b250.00 |
||
| 700 | _aXavier G.F. | ||
| 906 |
_dO:0039218-Nov-2009B:34202-Oct-2009 _cGENRL _b50 |
||
| 999 |
_c323204 _d323204 |
||